Arte y política 2005-2015. Proyectos curatoriales, textos críticos y documentación de obras.
Guardat en:
| Autor principal: | |
|---|---|
| Format: | Desconegut |
| Idioma: | anglès |
| Publicat: |
Santiago, Chile:
Metales pesados,
2018.
|
| Matèries: | |
| Etiquetes: |
Afegir etiqueta
Sense etiquetes, Sigues el primer a etiquetar aquest registre!
|
MARC
| LEADER | 00000 a2200000 4500 | ||
|---|---|---|---|
| 003 | CL-VaPUC | ||
| 005 | 20240328124346.0 | ||
| 008 | 240321t2018 ||||| |||| 00| 0 eng d | ||
| 999 | |c 443124 |d 443122 | ||
| 020 | |a 9789569843280 | ||
| 040 | |c Pontificia Universidad Católica de Valparaíso | ||
| 082 | 0 | 4 | |2 22 |a 709.83 RIC 2018 |
| 100 | 1 | |a Richard, Nelly |e editora |9 887903 | |
| 245 | 1 | 0 | |a Arte y política 2005-2015. |b Proyectos curatoriales, textos críticos y documentación de obras. |
| 260 | |a Santiago, Chile: |b Metales pesados, |c 2018. | ||
| 300 | |a 343 páginas: |b ilustraciones | ||
| 583 | |k GC |c 20240321 | ||
| 650 | 1 | |a Arte chileno |y Siglo 20 |9 887904 | |
| 650 | 1 | |a Política en el arte |z Chile |9 887905 | |
| 650 | 1 | |a Arte |x Aspectos políticos |z Chile |9 887906 | |
| 651 | |a Chile |x Política y gobierno |y Siglo 20 |9 863454 | ||
| 942 | |2 ddc |c BK | ||
| 952 | |0 0 |1 0 |2 ddc |4 0 |6 709_830000000000000_RIC_2018 |7 0 |8 A |9 593633 |a BIBART |b BIBART |d 2024-03-13 |e 135 |g 15000.00 |i 5660342 |l 2 |o 709.83 RIC 2018 |p 5660342 |r 2025-04-23 |s 2025-04-23 |t 1 |v 15000.00 |w 2024-03-13 |y BK |k ART | ||